Sinh lý gia súc : (Giáo trình cao học Nông nghiệp)
Giáo gồm các chương: sinh lý tiêu hóa, trao đổi chất và năng lượng, hệ nội tiết, hệ máu, sinh lý tiết sữa, sinh lý sinh sản, sinh lý thích nghi.
সংরক্ষণ করুন:
| প্রধান লেখক: | |
|---|---|
| বিন্যাস: | গ্রন্থ |
| ভাষা: | Undetermined |
| প্রকাশিত: |
Hà Nội
Nông nghiệp
1995
|
| বিষয়গুলি: | |
| ট্যাগগুলো: |
ট্যাগ যুক্ত করুন
কোনো ট্যাগ নেই, প্রথমজন হিসাবে ট্যাগ করুন!
|
| Thư viện lưu trữ: | Trung tâm Học liệu Trường Đại học Cần Thơ |
|---|
| LEADER | 00843nam a2200217Ia 4500 | ||
|---|---|---|---|
| 001 | CTU_127416 | ||
| 008 | 210402s9999 xx 000 0 und d | ||
| 082 | |a 636.0892 | ||
| 082 | |b T305 | ||
| 100 | |a Hoàng, Văn Tiến | ||
| 245 | 0 | |a Sinh lý gia súc : | |
| 245 | 0 | |b (Giáo trình cao học Nông nghiệp) | |
| 245 | 0 | |c Hoàng Văn Tiến ... [et al.] | |
| 260 | |a Hà Nội | ||
| 260 | |b Nông nghiệp | ||
| 260 | |c 1995 | ||
| 520 | |a Giáo gồm các chương: sinh lý tiêu hóa, trao đổi chất và năng lượng, hệ nội tiết, hệ máu, sinh lý tiết sữa, sinh lý sinh sản, sinh lý thích nghi. | ||
| 650 | |a Veterinary physiology,Animals | ||
| 650 | |x Physiology | ||
| 904 | |i Hạ Nguyên | ||
| 980 | |a Trung tâm Học liệu Trường Đại học Cần Thơ | ||